[Event "Corus-C"]
[Site "Wijk aan Zee"]
[Date "2006.01.20"]
[Round "6"]
[White "Li, Shilong"]
[Black "Van der Weide, Karel"]
[Result "1-0"]
[WhiteElo "2543"]
[BlackElo "2466"]
[Annotator "Krasenkow,M"]
[PlyCount "53"]
[EventDate "2006.01.14"]
[EventType "tourn"]
[EventRounds "13"]
[EventCountry "NED"]
[EventCategory "9"]
[SourceTitle "CBM 111"]
[Source "ChessBase"]
[SourceDate "2006.04.04"]
[SourceVersion "1"]
[SourceVersionDate "2006.04.04"]
[SourceQuality "1"]

1. d4 Nf6 2. c4 g6 3. Nc3 d5 4. cxd5 Nxd5 5. e4 Nxc3 6. bxc3 Bg7 7. Bc4 c5 8.
Ne2 O-O 9. Be3 Nc6 10. h4 {A rare move, instead of the normal} (10. O-O {or}) (
10. Rc1) 10... cxd4 11. cxd4 Qd6 (11... Qa5+ 12. Kf1 {is similar to (and can
transpose to) the 10.Rc1 line.}) 12. Rb1 $5 (12. Rc1 Rd8 13. d5 (13. Qb3 Qb4+
14. Qxb4 Nxb4 15. O-O Nc6 16. Rfd1 Bd7 17. Rb1 Rac8 $11 {0-1 Hartweg,
N-Flumbort,A/Balatonlelle 2001/EXT 2002 (46)}) 13... Ne5 14. Qb3 Bd7 15. Qxb7 (
15. f3 $2 b5 16. Bd3 Qb4+ $1 {0-1 Naranja,R-Portisch,L/Siegen 1970/EXT 2002})
15... Rdb8 16. Qa6 Nxc4 17. Qxc4 Rb2 18. Nd4 Rb4 19. Qd3 e6 (19... Ra4 $5) 20.
Nc6 Ra4 21. Qc2 $13 {0-1 Zubac,M-Urquhart,E/Toronto 2005/EXT 2006 (26)}) (12.
Qd2 Qb4 13. Qxb4 Nxb4 14. Rc1 Bd7 15. a3 Nc6 16. h5 Rfc8 17. hxg6 hxg6 18. Kd2
Na5 19. Ba2 Bb5 20. Nc3 Bc4 21. Nd5 Kf8 22. Bxc4 Rxc4 23. Kd3 Ra4 $11 {1/2-1/2
Murey,J-Liss,E/Rishon Le Ziyyon 1997/CBM 062 ext (45)}) 12... Rd8 13. Qb3 $1
$146 {[%mdl 8] A new idea. White provokes ...e7-e6 to get a typical position,
with his kingside attack already started (h2-h4).} (13. e5 Qc7 14. e6 Nxd4 $1
15. exf7+ Kf8 16. Bxd4 Bxd4 17. Qc1 Bg7 18. O-O (18. h5 $5) 18... Bf5 19. Bb3
Qxc1 20. Rbxc1 Bh6 $1 21. Rcd1 Bd3 $1 $15 {0-1 Bangiev,A-Jasnikowski,Z/Germany
1993/CBM 038/[Bangiev] (62)}) 13... e6 (13... Na5 $2 14. Bxf7+ Kf8 15. Qb5) (
13... Kf8 $6 14. Bxf7 e6 15. Bf4 Qe7 16. d5 $36) 14. e5 Qc7 15. Bd3 {[%cal
Cc6a5,Ca5b3,Yh4h5]} Na5 $6 {Black starts playing inaccurately.} (15... b6 $5
16. h5 Bb7 {was probably the best developing plan.}) 16. Qa3 Bf8 17. Qb2 Bd7 (
17... b6 {was still possible:} 18. Bg5 Be7 19. Rc1 Qd7 {etc.}) 18. Bg5 Rdc8 19.
O-O $14 {Practically forced but good enough as the black pieces are now placed
quite poorly.} (19. h5 $143 Nc4) 19... Nc4 $6 {Black fails to find a senseful
move and gives up the b7 pawn. Perhaps, the illogical} (19... Bc6 {was a
better option.}) 20. Qxb7 Qxb7 21. Rxb7 Nb6 22. Be4 Bb5 23. Re1 Bc4 $6 {
Black continues a series of poor moves and quickly loses.} (23... Ba6 $142 {
Of course, Black doesn't win an exchange but creates some tension:} 24. Nf4 (
24. Ng3 Bc4 $5) 24... h6 25. Bf6 Bxb7 26. Bxb7 Nd7 27. Bxa8 Rxa8 28. d5 $1 $16)
24. Nf4 Na4 $6 25. Nh5 $1 {An excellent final combination.} gxh5 26. Re3 Bg7 (
26... Ba6 27. Rg3 Rc3 28. f3 $1 $18) (26... Bd5 27. Bxd5 exd5 28. Rg3 Rc3 29.
f3 $18) 27. Rg3 {Black resigns due to 27...Kh8 28.Bf6! Bxf6 29.Rxf7! Has this
game opened a new chapter in the opening theory?} 1-0

[Event "George Marx Memorial 3rd"]
[Site "Paks"]
[Date "2005.06.21"]
[Round "9"]
[White "Berkes, Ferenc"]
[Black "Sutovsky, Emil"]
[Result "1-0"]
[WhiteElo "2617"]
[BlackElo "2665"]
[Annotator "Krasenkow,M"]
[PlyCount "97"]
[EventDate "2005.06.12"]
[EventType "tourn"]
[EventRounds "10"]
[EventCountry "HUN"]
[EventCategory "15"]
[SourceTitle "CBM 108"]
[Source "ChessBase"]
[SourceDate "2005.09.26"]
[SourceVersion "1"]
[SourceVersionDate "2005.09.26"]
[SourceQuality "1"]

1. d4 Nf6 2. c4 g6 3. Nc3 d5 4. cxd5 Nxd5 5. e4 Nxc3 6. bxc3 Bg7 7. Bc4 c5 8.
Ne2 Nc6 9. Be3 O-O 10. O-O Bd7 11. Rb1 Qc7 {About this line - see CBM 102,
annotations to Nielsen-Ganguly.} 12. Bd3 (12. Bf4 Qc8 $1) 12... Rfd8 (12... a6
13. Qd2 b5 14. Bh6 $5 (14. f4 Rad8 $6 (14... f5 $5) 15. d5 Na5 16. f5 $1 $40 {
1-0 Nielsen,P-Ganguly,S/Tripoli 2004/CBM 102/[Krasenkow] (40)}) 14... e5 15.
Bxg7 Kxg7 16. d5 c4 17. Bc2 Na5 18. f4 f6 19. fxe5 fxe5 20. Qg5 Qd6 21. h4 h6
22. Qg3 Nb7 23. Kh2 Rae8 24. Rf3 h5 $11 {1/2-1/2 Yevseev,D-Klimov,S/St
Petersburg RUS 2005/The Week in Chess 559 (34)}) 13. Qc1 $5 {An interesting
idea. The queen aims to a3 (which he often reaches via a4 in some other
Gruenfeld lines).} (13. d5 Ne5 14. c4 e6 15. Nf4 b6 16. Be2 h6 17. Qc1 Kh7 18.
Nd3 exd5 19. cxd5 f5 $132 {0-1 Lahner,J-Meszaros,M/Frydek Mistek CZE 2005/The
Week in Chess 543 (45)}) 13... Rac8 14. Rd1 a6 $6 {This standard move proves
insufficient.} (14... cxd4 15. cxd4 Qa5 $5 {to prevent Qc1-a3.}) 15. Qa3 Qa5
16. Qxc5 Qxc5 17. dxc5 {It turns out that Black has no sufficient compensation
for the pawn.} Be6 (17... Ne5 18. Bc2 Nc4 (18... Bb5 19. Nd4 Nc4 20. a4 $16)
19. Rxb7 Bc6 20. Rxd8+ Rxd8 21. Rxe7 Nxe3 22. fxe3 Rd2 23. Nd4 Bxd4 24. exd4
Rxc2 25. d5 $16) 18. Rxb7 Bxa2 19. h3 Bc4 20. Nd4 $1 Bxd3 21. Nxc6 Rxc6 22.
Rxd3 $1 {Black can't take the rook and White consequently converts his strong
extra pawn into a victory.} Rdc8 23. Rdd7 Bf8 24. Rb6 $1 {[%cal Ce7e6,Cf8c5,
Rd7a7] A nice manoeuvre forcing Black to weaken the 7th rank.} e5 25. Rbb7 $1
f5 26. f4 exf4 27. Bd4 Bxc5 28. Rg7+ Kf8 29. Rxh7 Bxd4+ 30. cxd4 {Two rooks on
the 7th rank are a devastating force in most of rook endgames.} Kg8 31. exf5 $6
(31. e5 {was much easier. White was certainly concerned about} f3 {but it was
not dangerous in view of} 32. Kf2 $1 ({but not} 32. gxf3 $2 f4 33. Kf1 (33. h4
Rc1+ 34. Kg2 R8c2+ 35. Kh3 Rg1 36. Rhg7+ Kf8 37. Rbf7+ Ke8 38. Rxf4 Rh1+ 39.
Kg3 Rg1+ $11) 33... Rc1+ 34. Ke2 R8c3 $1 $11 {- White can't avoid the
perpetual!}) 32... fxg2 (32... g5 33. gxf3 f4 34. Ke2 {and the white king
escapes}) 33. Kxg2 Rd8 34. Rhe7 $18 {[%cal Cg8f8,Cd8d4,Re5e6]} Kf8 35. e6 Rxd4
36. Rh7 Rc2+ 37. Kf3 Rc3+ 38. Ke2 $18) 31... gxf5 32. Rbg7+ Kf8 33. Rf7+ {
White plays inaccurately. He should not allow f4-f3 and keep his kingside
pawns connected.} (33. Rd7 {to prevent ...Rd8} Kg8 34. Kf2 Rc3 35. Rdg7+ Kf8
36. Rg5) 33... Kg8 34. Rhg7+ Kh8 35. Rg5 $6 {A typical move in such situations:
White starts collecting pawns. However, it was better to play} (35. Rh7+ Kg8
36. Rfg7+ Kf8 37. Rd7 Kg8 38. Kf2 $1) 35... f3 $1 {That's the point!} (35...
Rd8 36. Rgxf5 Rxd4 37. Rxf4 $18) 36. gxf3 Rc2 $2 {A useless move.} (36... Rd8
$142 37. Rgxf5 Rxd4 {keeping drawing chances.}) 37. Rfxf5 $1 Kh7 (37... Rd2 38.
Rg2 $18) 38. Rg4 Kh6 39. Rf6+ Kh5 {This fastens Black's defeat as his king
gets into trouble.} (39... Kh7 $142) 40. f4 R8c6 41. Rf8 Rc8 42. Rf5+ Kh6 43.
Rfg5 Rc1+ 44. Kf2 R8c2+ 45. Kg3 (45. Ke3 {was also possible, with a forced
mate:} Rc3+ 46. Ke4 Rxh3 47. Rg6+ Kh7 48. Rg7+ Kh8 49. Rg8+ Kh7 50. R4g7+ Kh6
51. Ra7 Rcc3 52. Rh8+ Kg6 53. f5+ Kf6 54. Rf8+ Kg5 55. Rg8+ Kh6 56. Rg6+ Kh5
57. Rh7#) 45... Rg1+ 46. Kf3 Rc3+ 47. Ke4 Re1+ 48. Kf5 Rxh3 49. Rg8 {Black
resigned in view of 49...Kh7 50.R4g7+ Kh6 51.Kf6.} 1-0

[Event "FIDE-Wch k.o."]
[Site "Tripoli"]
[Date "2004.06.19"]
[Round "1.1"]
[White "Nielsen, Peter Heine"]
[Black "Ganguly, Surya Shekhar"]
[Result "1-0"]
[WhiteElo "2628"]
[BlackElo "2582"]
[Annotator "Krasenkow,M"]
[PlyCount "80"]
[EventDate "2004.06.19"]
[EventType "k.o."]
[EventRounds "7"]
[EventCountry "LBY"]
[SourceTitle "CBM 102"]
[Source "ChessBase"]
[SourceDate "2004.09.23"]
[SourceVersion "1"]
[SourceVersionDate "2004.09.23"]
[SourceQuality "1"]

1. d4 Nf6 2. c4 g6 3. Nc3 d5 4. cxd5 Nxd5 5. e4 Nxc3 6. bxc3 Bg7 7. Bc4 c5 8.
Ne2 O-O 9. O-O Nc6 10. Be3 Bd7 11. Rb1 Qc7 {Quite a rare move, comparing to} (
11... a6) 12. Bd3 (12. Bf4 {looks more natural.} Qc8 $5 {is the latest idea to
revive this line, successfully applied by GM Boris Avrukh:} (12... e5 $6 13.
Bg3 {[%cal Gg3c7]} (13. dxe5 $143 Nxe5 14. Bxe5 Bxe5 15. f4 Bg7 16. Bd5 Bc6 17.
c4 Rab8 18. Rf3 b5 $132 {0-1 Bick,J-Mikhailuk,S/Philadelphia USA 2003/The Week
in Chess 456 (35)}) 13... cxd4 14. cxd4 Nxd4 $2 15. Qxd4 Rfc8 16. Rbc1 exd4 17.
Bxc7 Bc6 18. Bf4 $18 {1-0 Alexandrova,O-Dvoretska,O/Nikolaev 2003/CBM 97 ext 
(41)}) 13. Qd3 (13. d5 $5) 13... Rd8 14. Rfc1 Na5 15. Bb5 a6 16. Bxd7 Qxd7 17.
Qg3 Rac8 $11 {0-1 Kolly,J-Avrukh,B/Biel 2002/EXT 2003 (27)}) (12. dxc5 {
is harmless here (Black has not wasted time for ...Rc8), e.g.} Na5 13. Bd5 Rfd8
14. Qc1 e6 15. Bb3 Bf8 $15 {0-1 Day,T-Easton,A/Birmingham 2002/EXT 2003 (41)})
12... a6 {[%cal Yb7b5]} 13. Qd2 (13. Bf4 {is not dangerous for Black anymore:}
e5 14. Bg3 b5 15. Kh1 Rae8 16. Bc2 Qa7 17. d5 Na5 18. a4 f5 19. axb5 axb5 20.
f3 Nc4 $15 {0-1 Begunov,K-Svidler,P/St Petersburg 1994/CBM 41/[Ftacnik] (46)})
13... b5 14. f4 Rad8 $6 {This careless move leads to a serious trouble for
Black.} (14... f5 $5 {deserves attention. Winning an exchange by means of} 15.
d5 fxe4 16. Bxe4 Na5 17. d6 Qxd6 18. Bxa8 Qxd2 19. Bxd2 Rxa8 {is hardly
favorable for White.}) 15. d5 Na5 16. f5 $1 {White starts a kingside attack,
which Black fails to counteract.} Bc8 17. Bh6 Bxh6 18. Qxh6 Qe5 {The knight
would be much more powerful on this square but alas...} 19. Rf3 Nb7 20. Rbf1
Nd6 21. Rh3 Qg7 22. Qe3 {The concept of "two weaknesses" in effect!} Qe5 (22...
c4 {yields the d4 square to the white knight. However, the attempt to defend
the c5 pawn indirectly also fails.}) 23. Rf4 $1 {[%cal Rf4h4]} g5 24. Rg4 f6
25. Qxc5 h5 $5 {a desperate attempt of counterplay} 26. Rxh5 Nxf5 27. Rgxg5+ $2
{This sacrifice, leading to unclear circumstances, was hardly necessary in
this nearly winning position:} (27. Nf4 $5 {[%cal Rf4g6]} Qd6 28. Qxd6 Nxd6 29.
Rg3 $18) (27. Nd4 $5 Ng7 $140 28. Nc6) 27... fxg5 28. Rxg5+ Kf7 29. Ng3 Qf6 (
29... Rh8 $5 30. h3 Qf6) 30. Rxf5 Bxf5 31. Nxf5 Rc8 32. Qf2 Rxc3 {Of course,
White has a compensation for the missing material (the black king is not safe)
but the balance of the whole operation is certainly negative for him.} 33. Bf1
Rfc8 34. Qf4 Ke8 35. h3 Rc1 36. e5 Qb6+ $2 {Just a loss of a tempo.} (36... Qg6
$5 37. e6 $44 (37. d6 $6 R8c4)) 37. Kh2 Qg6 38. d6 (38. Bd3 $5) 38... e6 39.
Qh4 $6 (39. Bd3 $142 $1) 39... Kd7 $2 {This loses at once.} (39... Qf7 $8 40.
d7+ $1 Kxd7 41. Qd4+ Kc6 42. Be2 Qd7 43. Nd6 Rf8 {and Black can successfully
defend.}) 40. Qe7+ Kc6 (40... Kc6 41. d7 $18) 1-0

[Event "Dubai op 6th"]
[Site "Dubai"]
[Date "2004.04.22"]
[Round "4"]
[White "Sturua, Zurab"]
[Black "Harikrishna, Pentala"]
[Result "0-1"]
[WhiteElo "2533"]
[BlackElo "2599"]
[Annotator "Krasenkow,M"]
[PlyCount "70"]
[EventDate "2004.04.19"]
[EventType "swiss"]
[EventRounds "9"]
[EventCountry "UAE"]
[SourceTitle "CBM 101"]
[Source "ChessBase"]
[SourceDate "2004.07.27"]
[SourceVersion "1"]
[SourceVersionDate "2004.07.27"]
[SourceQuality "1"]

1. d4 Nf6 2. c4 g6 3. Nc3 d5 4. cxd5 Nxd5 5. e4 Nxc3 6. bxc3 Bg7 7. Bc4 c5 8.
Ne2 O-O 9. O-O Nc6 10. Be3 Bd7 11. Rc1 Rc8 12. h3 {The idea of this move is to
push f2-f4 without allowing ...Bg4. Still, it takes too much time.} (12. Qd2 {
is the main theoretical line, which we examined in several previous issues.})
12... Qa5 {Other options:} (12... a6 13. d5 Na5 14. Bd3 b5 15. Qd2 e6 16. Rfd1
exd5 17. exd5 Re8 18. Ng3 Nb7 19. Bg5 Qb6 20. h4 c4 21. Bc2 Nc5 $132 {0-1
Razuvaev,Y-Romanishin,O/USSR (ch) 1980/Inf 31 (41)}) (12... Na5 13. Bd3 e5 14.
dxe5 Be6 15. c4 Bxe5 16. f4 Bd4 17. Nxd4 cxd4 18. Bf2 Nxc4 19. Qe2 Ne3 20. Rxc8
Bxc8 21. Bxe3 dxe3 22. Qxe3 Qd6 $11 {1/2-1/2 Gdanski,J-Markowski,T/Polanica
Zdroj 1999/CBM 70 ext (45)}) (12... Qc7 13. f4 e6 14. dxc5 Nb8 $6 (14... Na5
15. Bd3 f5 $5 {Ftacnik}) 15. f5 $5 exf5 16. exf5 Bxf5 17. Nd4 Bxh3 18. Qf3 Bd7
19. Bxf7+ Kh8 20. Qe4 Bf5 21. Nxf5 gxf5 22. Qxf5 $16 {0-1 Milovanovic,
R-Mitrovic,P/Pozarevac 1995/CBM 49 ext/[Ftacnik] (48)}) 13. f4 (13. Qb3 Qc7 14.
Qa3 Qa5 15. Qb3 Qc7 16. Qa3 Na5 17. Bd3 e5 18. f4 c4 19. Bc2 f6 20. Rf3 b6 21.
Rcf1 exd4 22. cxd4 f5 $1 23. e5 $6 Bc6 24. Nc3 Bxf3 25. Rxf3 Nc6 26. d5 Nxe5 $1
27. fxe5 Bxe5 $15 {0-1 Kakageldyev,A-Epishin,V/Frunze 1989/TD (57)}) 13... cxd4
14. cxd4 Qb4 $5 (14... e6 15. d5 exd5 16. Bxd5 Nb4 17. Qd2 b6 18. Rxc8 Bxc8 19.
Bb3 Nc6 20. Qd6 Qb5 21. Rf2 Na5 22. Qd5 Qe8 23. e5 Bb7 24. Qd3 Nxb3 25. axb3
Qa8 $13 {0-1 Rodriguez Vargas,O-Epishin,V/Logrono 1991/EXT 97 (41)}) 15. Qd3 $6
(15. Qb3 {was probably more appropriate, leading to equality.}) 15... Na5 {
Now White must cede Black the advantage of a bishop pair.} 16. Bd2 (16. Bd5 $2
Bb5) 16... Qa4 17. Bxa5 Qxa5 18. e5 e6 19. d5 (19. Nc3 b5 $1) 19... exd5 20.
Qxd5 Qxd5 21. Bxd5 Bb5 22. Kf2 Rfd8 23. Bxb7 $6 (23. Rxc8 Rxc8 24. Rb1 {
was better, with a probable draw as} Bd3 $2 (24... a6 $6 25. a4 $1 Bxa4 26.
Rxb7) (24... Ba6 25. Bxb7 Rb8 26. Be4 Rxb1 27. Bxb1 Bxe2 $11) {didn't work due
to} 25. Rxb7 Rc2 26. Ke3 $1 Bxe2 27. Bxf7+ Kf8 28. Bb3 $18) 23... Rxc1 24. Rxc1
Rd2 {Black now keeps a rook, a pair of bishops, and the passed a-pawn. White's
space advantage guarantees him counterplay but not yet a draw!} 25. Bf3 Rxa2
26. Rc8+ $6 {An unnecessary check as the black bishop will go to f8 anyway.} (
26. Rc7 $142 {[%cal Yf2e3,Ye2d4]}) 26... Bf8 27. Ke3 Ba6 $1 28. Rc7 (28. Rb8
Kg7) 28... Bb4 29. Nd4 (29. Nc3) 29... Ba5 $1 30. Rxa7 (30. Rd7 Bb6 31. Ke4 Ra4
$19) 30... Bb6 31. Rd7 Ra3+ 32. Ke4 Bc8 $1 33. Re7 Kf8 34. Nc6 Rc3 35. Kd5 Bc5
(35... Bc5 36. Rc7 Be6+ 37. Ke4 Re3# {#}) 0-1

[Event "Linares 21st"]
[Site "Linares"]
[Date "2004.03.02"]
[Round "11"]
[White "Shirov, Alexei"]
[Black "Vallejo Pons, Francisco"]
[Result "1/2-1/2"]
[WhiteElo "2736"]
[BlackElo "2663"]
[Annotator "Krasenkow,M"]
[PlyCount "101"]
[EventDate "2004.02.19"]
[EventType "tourn"]
[EventRounds "14"]
[EventCountry "ESP"]
[EventCategory "20"]
[SourceTitle "CBM 100"]
[Source "ChessBase"]
[SourceDate "2004.06.01"]
[SourceVersion "1"]
[SourceVersionDate "2004.06.01"]
[SourceQuality "1"]

1. d4 Nf6 2. c4 g6 3. Nc3 d5 4. cxd5 Nxd5 5. e4 Nxc3 6. bxc3 Bg7 7. Bc4 c5 8.
Ne2 Nc6 9. Be3 O-O 10. O-O Bd7 11. Rb1 a6 12. dxc5 Na5 13. Bd3 Qc7 14. f4 Rfd8
15. c6 Qxc6 16. Bb6 Bg4 17. Bxd8 Rxd8 {About this exchange sacrifice - see CBM
95, annotations to Nielsen - Ivanchuk. Black has a pair of bishops, the better
and more compact pawn structure but still it remains an open question whether
his compensation is sufficient.} 18. Qc2 (18. h3 Qc5+ 19. Kh2 Nc4 20. hxg4 Ne3
21. Qd2 Nc4 22. Qd1 Ne3 23. Qd2 Nc4 24. Qd1 {1/2-1/2 Nielsen,P-Ivanchuk,V/
Malmo 2003/CBM95 (24).}) 18... Nc4 (18... Qc5+ 19. Kh1 e5 $5 $44) 19. Nd4 Qc5
20. Bxc4 Qxc4 21. Rbc1 (21. Rf2 $5 {[%cal Rb1b7]}) 21... Bxd4+ 22. cxd4 Qxd4+
23. Kh1 Rc8 24. Qb1 Rxc1 25. Rxc1 b5 {The position has been simplified. Black
has won a pawn but lost some of his positional trumps. Still, the active
position of his pieces promises an easy draw. Even GM Alexey Shirov doesn't
manage to create any real winning chances from nothing!} 26. Rc7 Be6 {[%cal
Re6a2]} 27. h3 Qd6 28. Qc1 b4 29. f5 $5 gxf5 30. Qg5+ Kf8 31. Ra7 Qd1+ 32. Kh2
Qd6+ (32... Qd8 33. Rxa6 Qb8+ 34. Qg3 f4 35. Qf2 $16) 33. g3 {Now White's king
is not protected well enough, which diminishes his winning chances even
further.} Qd8 $6 ({Fritz instantly indicates} 33... Bc8 $1 34. Qc1 {(looks
deadly but...)} Qd4 $3 35. Qxc8+ Kg7 36. Qxa6 Qf2+ 37. Kh1 Qf3+ 38. Kg1 Qxg3+
39. Kf1 Qf3+ {and White can't avoid the perpetual as his queen must protect
the a7 rook. However, finding such a variation (in which White captures the
black bishop with a check!) is not an easy task for humans.}) 34. exf5 Bxa2 35.
Rxa6 {Or else:} (35. Qf4 {[%cal Ra7b7,Rf4b4]} f6 36. Qxb4 Bd5 37. Rxa6 Qc7 $1 (
37... Qc8 $143 38. Rxf6+ Kg8 39. Qg4+ Kh8 40. Rf8+ Qxf8 41. Qd4+ Qf6 42. Qxd5
$16) 38. Qd2 (38. Rxf6+ Kg7) 38... Be4 39. Ra5 Qc8 {capturing the f5 pawn,
with a dead draw.}) (35. Qh6+ $5 Kg8 36. Qf4 $1 {[%cal Ra7b7,Rf4b4]} Bd5 (36...
f6 37. Qxb4 Kf7 38. Rxa6) 37. Qg4+ (37. Qxb4 $143 Qc8 $1) 37... Kf8 38. f6 exf6
39. Qxb4+ Kg7 40. Qg4+ Kf8 41. Rxa6 {White has achieved everything he could
but his winning chances are still slim, due to his poorly protected king.})
35... Bd5 36. Qd2 ({After} 36. f6 exf6 37. Qd2 {, even if White captures the
b4 pawn, we reach a position from the previous comment.}) 36... Qc8 (36... b3
$2 37. Ra5 $1 e6 38. fxe6 fxe6 39. Qh6+ $18) 37. Rb6 (37. Ra5 Bb7 38. f6 exf6
39. Qxb4+ Kg7 {-see above.}) 37... Qxf5 38. Rxb4 {This position only requires
elementary accuracy from Black.} e6 39. Kg1 Qe5 40. Kf2 Qf5+ 41. Rf4 Qb1 ({
Of course, not} 41... Qxh3 $4 42. Qb4+ Kg7 (42... Ke8 43. Qb8+ Ke7 44. Qc7+ $18
) 43. Rg4+ Kf6 44. Qf4+ Ke7 45. Qc7+ Kf6 46. Rf4+ $18) 42. Qc3 Qb6+ 43. Ke2 h5
(43... Ke7 {was simpler. Any attempt to take the f7 pawn leads to a perpetual.}
) 44. Rb4 (44. g4 $5 {was White's only chance. After} hxg4 45. Rxg4 {he could
hope for the advance of his h-pawn.}) 44... Qa6+ 45. Ke3 Qd6 46. Kf2 Ke7 47.
Qd4 Qc7 48. Rb2 Qc1 49. h4 Qh1 50. Qb4+ Kd7 51. Qb5+ 1/2-1/2

[Event "Moscow Aeroflot op-A"]
[Site "Moscow"]
[Date "2004.02.19"]
[Round "3"]
[White "Sakaev, Konstantin"]
[Black "Dvoirys, Semen I"]
[Result "1/2-1/2"]
[WhiteElo "2656"]
[BlackElo "2594"]
[Annotator "Krasenkow,M"]
[PlyCount "46"]
[EventDate "2004.02.17"]
[EventType "swiss"]
[EventRounds "9"]
[EventCountry "RUS"]
[SourceTitle "CBM 100"]
[Source "ChessBase"]
[SourceDate "2004.06.01"]
[SourceVersion "1"]
[SourceVersionDate "2004.06.01"]
[SourceQuality "1"]

1. d4 Nf6 2. c4 g6 3. Nc3 d5 4. cxd5 Nxd5 5. e4 Nxc3 6. bxc3 Bg7 7. Bc4 c5 8.
Ne2 Nc6 9. Be3 O-O 10. O-O Qc7 11. Rc1 e6 {GM S.Dvoirys' favourite. It was he
who introduced this rare move into grandmasters' practice.} (11... Rd8 {
is the main theoretical move.}) 12. Qd2 {Other options:} (12. f4 Na5 13. Bd3 f5
14. Kh1 b6 (14... c4 $5 15. Bc2 b5) 15. c4 Bb7 (15... fxe4 $5 16. Bxe4 Bb7) 16.
exf5 exf5 17. d5 $14 {1-0 Hlivjak,J-Demian,M/SVK 2001/EXT 2002 (48)}) (12. Qe1
Na5 13. Bd3 b6 14. f3 Bb7 15. Qh4 f5 $5 16. e5 Rad8 $132 {1/2-1/2 Kucka,
O-Demian,M/SVK 1997/EXT 99 (47)}) 12... Na5 (12... a6 $6 13. Bh6 b5 14. Bxg7
Kxg7 15. Bb3 c4 16. Bc2 Ne7 17. Qg5 f6 18. Qe3 Bd7 19. Rcd1 Rae8 20. Rfe1 Ng8
21. Nf4 $36 {1-0 Dussol,P-Piankov,E/Meudon 1991/EXT 97 (48)}) 13. Bd3 b6 14.
Bh6 Bb7 {This position sometimes appeared in practice from another line (10...
Na5 11.Bd3 b6).} 15. e5 {Some other examples:} (15. Bxg7 Kxg7 16. Qg5 (16. Qe3
Rac8 17. f4 (17. h4 $142) 17... f5 $1 $132 18. exf5 exf5 19. Qe5+ Kg8 $1 {
1/2-1/2 Szmacinska,G-Erenska,H/Augustow 1975/MCD (71)}) 16... Nc6 $1 (16... h6
17. Qe3 Rad8 18. h4 Qe7 19. h5 cxd4 20. cxd4 g5 21. f4 $40 {1-0 Gligoric,S-Puc,
S/Ljubljana 1960/MCD (38). (37)}) (16... Qd8 17. Qg3 Rc8 18. h4 Nc6 19. Rfd1
cxd4 20. cxd4 Qe7 21. h5 $36 {1-0 Haik,A-Kappler,J/Cappelle 1988/EXT 2002 (35)}
) 17. dxc5 Ne5 18. cxb6 Qc5 19. Qg3 Nxd3 20. Qxd3 axb6 $44 {1/2-1/2 Furman,
S-Gulko,B/Yerevan 1975/URS-ch (32)}) (15. Ng3 Qe7 16. Bxg7 Kxg7 17. f4 f5 18.
Qe3 Qd6 19. Rcd1 Rae8 20. Bc2 Nc4 21. Qe2 Na3 $132 {1/2-1/2 Bellin,J-Hoiberg,N/
Haifa 1976/EXT 2000 (34)}) 15... Qe7 {Preventing the invasion of the white
queen to g5.} (15... Rad8 16. Bxg7 Kxg7 17. Qg5 $1 f6 18. exf6+ Rxf6 19. Ng3
Rf7 20. Rfe1 $36 Rd5 21. Nh5+ Kf8 22. Qh6+ Ke7 23. Ng7 $18 {1-0 Pert,N-Dvoirys,
S/Hoogeveen NED 2003/The Week in Chess 467 (60)}) (15... c4 16. Bb1 Nc6 17. Ng3
Ne7 18. Bxg7 Kxg7 19. Qg5 $16 {1/2-1/2 Gentes,K-Langner,D/Manitoba 1991/EXT 97
(40)}) 16. h4 Rac8 17. Bg5 {Too slow.} (17. h5 {is apparently more logical.})
17... f6 18. exf6 Bxf6 19. Ng3 ({The point is that after} 19. Bxf6 Qxf6 {
White can't protect the h4 pawn as} 20. Qh6 {is met with} Bxg2 $1) 19... Bxg5
20. hxg5 {h4-h5 is not threatened anymore!} Qd6 21. Qe3 cxd4 22. cxd4 Bd5 23.
Rxc8 Rxc8 (23... Rxc8 24. Ne4 Bxe4 25. Qxe4 (25. Bxe4 Nc4) 25... Rd8 {with
sufficient counterplay for Black.}) 1/2-1/2